<?xml version="1.0" encoding="UTF-8"?>
<record
    xmlns:xsi="http://www.w3.org/2001/XMLSchema-instance"
    xsi:schemaLocation="http://www.loc.gov/MARC21/slim http://www.loc.gov/standards/marcxml/schema/MARC21slim.xsd"
    xmlns="http://www.loc.gov/MARC21/slim">

  <leader>00392pam a2200157a 44500</leader>
  <controlfield tag="008">230405s2006    xxu||||| |||| 00| 0 eng d</controlfield>
  <datafield tag="041" ind1=" " ind2=" ">
    <subfield code="a">ENG</subfield>
  </datafield>
  <datafield tag="100" ind1=" " ind2=" ">
    <subfield code="a">TAUB HERBERT</subfield>
  </datafield>
  <datafield tag="245" ind1=" " ind2=" ">
    <subfield code="a">PRINCIPLES OF COMMUNICATION SYSTEMS</subfield>
  </datafield>
  <datafield tag="260" ind1=" " ind2=" ">
    <subfield code="a">NEW DELHI</subfield>
    <subfield code="b">TATA MCGRAW HILL PUB</subfield>
    <subfield code="c">2006</subfield>
  </datafield>
  <datafield tag="300" ind1=" " ind2=" ">
    <subfield code="a">P.B,XVII,759</subfield>
  </datafield>
  <datafield tag="650" ind1=" " ind2=" ">
    <subfield code="a">E&amp;TC</subfield>
  </datafield>
  <datafield tag="690" ind1=" " ind2=" ">
    <subfield code="a">E&amp;TC</subfield>
  </datafield>
  <datafield tag="700" ind1=" " ind2=" ">
    <subfield code="a">SCHILLING DONALD.L</subfield>
  </datafield>
  <datafield tag="906" ind1=" " ind2=" ">
    <subfield code="a">1982</subfield>
  </datafield>
  <datafield tag="999" ind1=" " ind2=" ">
    <subfield code="c">816177</subfield>
    <subfield code="d">816177</subfield>
  </datafield>
  <datafield tag="952" ind1=" " ind2=" ">
    <subfield code="0">0</subfield>
    <subfield code="1">0</subfield>
    <subfield code="4">0</subfield>
    <subfield code="7">0</subfield>
    <subfield code="8">C</subfield>
    <subfield code="a">ECK</subfield>
    <subfield code="b">ECK</subfield>
    <subfield code="d">2010-11-16</subfield>
    <subfield code="e">BHARATI MADHYAVARTI SAHAKARI GRAHAK BHANDAR LTD.PUNE</subfield>
    <subfield code="g">260.00</subfield>
    <subfield code="l">0</subfield>
    <subfield code="o">621.382/TAU</subfield>
    <subfield code="p">ECK-UG-7811</subfield>
    <subfield code="r">2023-08-16 00:00:00</subfield>
    <subfield code="w">2023-08-16</subfield>
    <subfield code="y">BK</subfield>
  </datafield>
  <datafield tag="952" ind1=" " ind2=" ">
    <subfield code="0">0</subfield>
    <subfield code="1">0</subfield>
    <subfield code="4">0</subfield>
    <subfield code="7">0</subfield>
    <subfield code="8">C</subfield>
    <subfield code="a">ECK</subfield>
    <subfield code="b">ECK</subfield>
    <subfield code="d">2013-10-24</subfield>
    <subfield code="e">BHARATI MADHYAVARTI SAHAKARI GRAHAK BHANDAR LTD.PUNE</subfield>
    <subfield code="g">260.00</subfield>
    <subfield code="l">0</subfield>
    <subfield code="o">621.382/TAU</subfield>
    <subfield code="p">ECK-UG-7810</subfield>
    <subfield code="r">2023-08-16 00:00:00</subfield>
    <subfield code="w">2023-08-16</subfield>
    <subfield code="y">BK</subfield>
  </datafield>
  <datafield tag="952" ind1=" " ind2=" ">
    <subfield code="0">0</subfield>
    <subfield code="1">0</subfield>
    <subfield code="4">0</subfield>
    <subfield code="7">0</subfield>
    <subfield code="8">C</subfield>
    <subfield code="a">ECK</subfield>
    <subfield code="b">ECK</subfield>
    <subfield code="d">2010-11-16</subfield>
    <subfield code="e">BHARATI MADHYAVARTI SAHAKARI GRAHAK BHANDAR LTD.PUNE</subfield>
    <subfield code="g">260.00</subfield>
    <subfield code="l">0</subfield>
    <subfield code="o">621.382/TAU</subfield>
    <subfield code="p">ECK-UG-7317</subfield>
    <subfield code="r">2023-08-16 00:00:00</subfield>
    <subfield code="w">2023-08-16</subfield>
    <subfield code="y">BK</subfield>
  </datafield>
  <datafield tag="952" ind1=" " ind2=" ">
    <subfield code="0">0</subfield>
    <subfield code="1">0</subfield>
    <subfield code="4">0</subfield>
    <subfield code="7">0</subfield>
    <subfield code="8">C</subfield>
    <subfield code="a">ECK</subfield>
    <subfield code="b">ECK</subfield>
    <subfield code="d">2010-11-16</subfield>
    <subfield code="e">BHARATI MADHYAVARTI SAHAKARI GRAHAK BHANDAR LTD.PUNE</subfield>
    <subfield code="g">260.00</subfield>
    <subfield code="l">0</subfield>
    <subfield code="o">621.382/TAU</subfield>
    <subfield code="p">ECK-UG-7316</subfield>
    <subfield code="r">2023-08-16 00:00:00</subfield>
    <subfield code="w">2023-08-16</subfield>
    <subfield code="y">BK</subfield>
  </datafield>
  <datafield tag="952" ind1=" " ind2=" ">
    <subfield code="0">0</subfield>
    <subfield code="1">0</subfield>
    <subfield code="4">0</subfield>
    <subfield code="7">0</subfield>
    <subfield code="8">C</subfield>
    <subfield code="a">ECK</subfield>
    <subfield code="b">ECK</subfield>
    <subfield code="d">2010-11-16</subfield>
    <subfield code="e">BHARATI MADHYAVARTI SAHAKARI GRAHAK BHANDAR LTD.PUNE</subfield>
    <subfield code="g">260.00</subfield>
    <subfield code="l">0</subfield>
    <subfield code="o">621.382/TAU</subfield>
    <subfield code="p">ECK-UG-7315</subfield>
    <subfield code="r">2023-08-16 00:00:00</subfield>
    <subfield code="w">2023-08-16</subfield>
    <subfield code="y">BK</subfield>
  </datafield>
  <datafield tag="952" ind1=" " ind2=" ">
    <subfield code="0">0</subfield>
    <subfield code="1">0</subfield>
    <subfield code="4">0</subfield>
    <subfield code="7">0</subfield>
    <subfield code="8">C</subfield>
    <subfield code="a">ECK</subfield>
    <subfield code="b">ECK</subfield>
    <subfield code="d">2010-11-16</subfield>
    <subfield code="e">BHARATI MADHYAVARTI SAHAKARI GRAHAK BHANDAR LTD.PUNE</subfield>
    <subfield code="g">260.00</subfield>
    <subfield code="l">0</subfield>
    <subfield code="o">621.382/TAU</subfield>
    <subfield code="p">ECK-UG-7314</subfield>
    <subfield code="r">2023-08-16 00:00:00</subfield>
    <subfield code="w">2023-08-16</subfield>
    <subfield code="y">BK</subfield>
  </datafield>
  <datafield tag="952" ind1=" " ind2=" ">
    <subfield code="0">0</subfield>
    <subfield code="1">0</subfield>
    <subfield code="4">0</subfield>
    <subfield code="7">0</subfield>
    <subfield code="8">C</subfield>
    <subfield code="a">ECK</subfield>
    <subfield code="b">ECK</subfield>
    <subfield code="d">2010-11-16</subfield>
    <subfield code="e">BHARATI MADHYAVARTI SAHAKARI GRAHAK BHANDAR LTD.PUNE</subfield>
    <subfield code="g">260.00</subfield>
    <subfield code="l">0</subfield>
    <subfield code="o">621.382/TAU</subfield>
    <subfield code="p">ECK-UG-7313</subfield>
    <subfield code="r">2023-08-16 00:00:00</subfield>
    <subfield code="w">2023-08-16</subfield>
    <subfield code="y">BK</subfield>
  </datafield>
  <datafield tag="952" ind1=" " ind2=" ">
    <subfield code="0">0</subfield>
    <subfield code="1">0</subfield>
    <subfield code="4">0</subfield>
    <subfield code="7">0</subfield>
    <subfield code="8">C</subfield>
    <subfield code="a">ECK</subfield>
    <subfield code="b">ECK</subfield>
    <subfield code="d">2013-10-22</subfield>
    <subfield code="e">BHARATI MADHYAVARTI SAHAKARI GRAHAK BHANDAR LTD.PUNE</subfield>
    <subfield code="g">260.00</subfield>
    <subfield code="l">0</subfield>
    <subfield code="o">621.382/TAU</subfield>
    <subfield code="p">ECK-UG-7312</subfield>
    <subfield code="r">2023-08-16 00:00:00</subfield>
    <subfield code="w">2023-08-16</subfield>
    <subfield code="y">BK</subfield>
  </datafield>
  <datafield tag="952" ind1=" " ind2=" ">
    <subfield code="0">0</subfield>
    <subfield code="1">0</subfield>
    <subfield code="4">0</subfield>
    <subfield code="7">0</subfield>
    <subfield code="8">C</subfield>
    <subfield code="a">ECK</subfield>
    <subfield code="b">ECK</subfield>
    <subfield code="d">2013-10-22</subfield>
    <subfield code="e">BHARATI MADHYAVARTI SAHAKARI GRAHAK BHANDAR LTD.PUNE</subfield>
    <subfield code="g">260.00</subfield>
    <subfield code="l">0</subfield>
    <subfield code="o">621.382/TAU</subfield>
    <subfield code="p">ECK-UG-7311</subfield>
    <subfield code="r">2023-08-16 00:00:00</subfield>
    <subfield code="w">2023-08-16</subfield>
    <subfield code="y">BK</subfield>
  </datafield>
  <datafield tag="952" ind1=" " ind2=" ">
    <subfield code="0">0</subfield>
    <subfield code="1">0</subfield>
    <subfield code="4">0</subfield>
    <subfield code="7">0</subfield>
    <subfield code="8">C</subfield>
    <subfield code="a">ECK</subfield>
    <subfield code="b">ECK</subfield>
    <subfield code="d">2013-10-22</subfield>
    <subfield code="e">BHARATI MADHYAVARTI SAHAKARI GRAHAK BHANDAR LTD.PUNE</subfield>
    <subfield code="g">260.00</subfield>
    <subfield code="l">0</subfield>
    <subfield code="o">621.382/TAU</subfield>
    <subfield code="p">ECK-UG-7310</subfield>
    <subfield code="r">2023-08-16 00:00:00</subfield>
    <subfield code="w">2023-08-16</subfield>
    <subfield code="y">BK</subfield>
  </datafield>
  <datafield tag="952" ind1=" " ind2=" ">
    <subfield code="0">0</subfield>
    <subfield code="1">0</subfield>
    <subfield code="4">0</subfield>
    <subfield code="7">0</subfield>
    <subfield code="8">C</subfield>
    <subfield code="a">ECK</subfield>
    <subfield code="b">ECK</subfield>
    <subfield code="d">2013-10-22</subfield>
    <subfield code="e">BHARATI MADHYAVARTI SAHAKARI GRAHAK BHANDAR LTD.PUNE</subfield>
    <subfield code="g">260.00</subfield>
    <subfield code="l">0</subfield>
    <subfield code="o">621.382/TAU</subfield>
    <subfield code="p">ECK-UG-7309</subfield>
    <subfield code="r">2023-08-16 00:00:00</subfield>
    <subfield code="w">2023-08-16</subfield>
    <subfield code="y">BK</subfield>
  </datafield>
  <datafield tag="952" ind1=" " ind2=" ">
    <subfield code="0">0</subfield>
    <subfield code="1">0</subfield>
    <subfield code="4">0</subfield>
    <subfield code="7">0</subfield>
    <subfield code="8">C</subfield>
    <subfield code="a">ECK</subfield>
    <subfield code="b">ECK</subfield>
    <subfield code="d">2013-10-22</subfield>
    <subfield code="e">BHARATI MADHYAVARTI SAHAKARI GRAHAK BHANDAR LTD.PUNE</subfield>
    <subfield code="g">260.00</subfield>
    <subfield code="l">0</subfield>
    <subfield code="o">621.382/TAU</subfield>
    <subfield code="p">ECK-UG-7308</subfield>
    <subfield code="r">2023-08-16 00:00:00</subfield>
    <subfield code="w">2023-08-16</subfield>
    <subfield code="y">BK</subfield>
  </datafield>
</record>
